UBT Library

Feline anesthesia and pain management / (Record no. 41102)

000 -LEADER
fixed length control field 00901cam a22002778i 4500
001 - CONTROL NUMBER
control field 19691029
005 - DATE AND TIME OF LATEST TRANSACTION
control field 20180127090003.0
008 - FIXED-LENGTH DATA ELEMENTS--GENERAL INFORMATION
fixed length control field 170605s2018 nju b 001 0 eng
010 ## - LIBRARY OF CONGRESS CONTROL NUMBER
LC control number 2017026911
020 ## - INTERNATIONAL STANDARD BOOK NUMBER
International Standard Book Number 9781119167808 (pbk.)
035 ## - SYSTEM CONTROL NUMBER
System control number (DNLM)101706958
040 ## - CATALOGING SOURCE
Original cataloging agency DNLM/DLC
Language of cataloging eng
Description conventions rda
Transcribing agency DLC
Modifying agency DLC
041 ## - LANGUAGE CODE
Language code of text/sound track or separate title eng
042 ## - AUTHENTICATION CODE
Authentication code pcc
060 10 - NATIONAL LIBRARY OF MEDICINE CALL NUMBER
Classification number SF 985
080 ## - UNIVERSAL DECIMAL CLASSIFICATION NUMBER
Universal Decimal Classification number 636.80
082 00 - DEWEY DECIMAL CLASSIFICATION NUMBER
Classification number 636.80 WYL
Edition number 23
100 1# - Rafti
Rafti 6
101 ## - Shkurtesa
Shkurtesa ANE
245 10 - TITLE STATEMENT
Title Feline anesthesia and pain management /
Statement of responsibility, etc by Paulo V.M. Steagall, Sheilah A. Robertson, Polly Taylor.
263 ## - PROJECTED PUBLICATION DATE
Projected publication date 1712
504 ## - BIBLIOGRAPHY, ETC. NOTE
Bibliography, etc Includes bibliographical references and index.
776 08 - ADDITIONAL PHYSICAL FORM ENTRY
Display text Online version:
Main entry heading Steagall, Paulo V. M., author.
Title Feline anesthesia and pain management
Place, publisher, and date of publication Hoboken, NJ : Wiley, 2018
International Standard Book Number 9781119167846
Record control number (DLC) 2017027877
906 ## - LOCAL DATA ELEMENT F, LDF (RLIN)
a 7
b cbc
c orignew
d 1
e ecip
f 20
g y-gencatlg
942 ## - ADDED ENTRY ELEMENTS (KOHA)
Source of classification or shelving scheme
Item type Books
Holdings
Withdrawn status Lost status Source of classification or shelving scheme Damaged status Not for loan Collection code Permanent location Current location Shelving location Date acquired Total Checkouts Full call number Barcode Date last seen Price effective from Koha item type
          Koleksioni i përgjithshem UBT - Lipjan UBT - Lipjan Koleksioni i përgjithshem 01/27/2018   636.80 WYL 002-2996686 01/27/2018 01/27/2018 Books
UBT Library © 2015-2024. All rights reserved University Education for Business and Technology